Score 0/27 Timer 03:00
0 Plays Today
Clue 4-Letter Answer % Correct
Part of face below the mouthCHIN
96.8%
AutomobilesCARS
95.9%
Dime or pennyCOIN
95.6%
MaizeCORN
94.2%
Slender; leanTHIN
90.9%
Medicine in tablet formPILL
90.6%
5,280 feetMILE
90.3%
1968 movie: ''Five ____ Stud''CARD
87.9%
Dance at the end of the school yearPROM
87.5%
Talk to GodPRAY
87.4%
Insulated, electrical cableCORD
86.6%
College instructor (short form)PROF
85.9%
Asking a part of a group its opinion to determine the opinion of the whole groupPOLL
82.9%
Baby carriagePRAM
81.6%
Clue 4-Letter Answer % Correct
Immediately or soon afterTHEN
79.8%
Small body of standing waterPOOL
79.3%
Club-like weapon of warMACE
74.8%
Interjection for a sudden disappearancePOOF
73.8%
Rate of movement, especially in a racePACE
73.7%
Common proverb: [rung 1] the [rung 10] away, the ____ [rung 18] [rung 27]●MICE●
73%
Common proverb: [rung 1] the ____ away, the [rung 15] [rung 18] [rung 27]●CAT'S●
70%
Sajak and BoonePATS
67.9%
Common proverb: ____ the [rung 10] away, the [rung 15] [rung 18] [rung 27]●WHEN●
67.1%
Common proverb: [rung 1] the [rung 10] away, the [rung 15] [rung 18] ____●PLAY●
63.5%
Common proverb: [rung 1] the [rung 10] away, the [rung 15] ____ [rung 27]●WILL●
63.5%
Crown or top of the headPATE
60.8%
Trick to fool, trap, or enticeWILE
60.4%

Today's Daily Dose

Remove Ads.
Support Sporcle.
Get the best of Sporcle when you Go Orange. This ad-free experience offers more features, more stats, and more fun while also helping to support Sporcle. Thank you for becoming a member.

You're not logged in!

Compare scores with friends on all Sporcle quizzes.
OR
Log In

Show Comments

Extras

Top Quizzes Today


Score Distribution

Your Account Isn't Verified!

In order to create a playlist on Sporcle, you need to verify the email address you used during registration. Go to your Sporcle Settings to finish the process.

Report this User

Report this user for behavior that violates our Community Guidelines.

Details: